Windows 2000 active directory (Record no. 110)

MARC details
000 -LEADER
fixed length control field 00553nam a2200205Ia 4500
003 - CONTROL NUMBER IDENTIFIER
control field OSt
005 - DATE AND TIME OF LATEST TRANSACTION
control field 20220107122559.0
008 - FIXED-LENGTH DATA ELEMENTS--GENERAL INFORMATION
fixed length control field 130318s9999 xx 000 0 und d
020 ## - INTERNATIONAL STANDARD BOOK NUMBER
International Standard Book Number 8173660441
040 ## - CATALOGING SOURCE
Transcribing agency
082 ## - DEWEY DECIMAL CLASSIFICATION NUMBER
Classification number 005.268W LAM/W
100 ## - MAIN ENTRY--PERSONAL NAME
Personal name Lowe-Norris, Alistair G
9 (RLIN) 7495
245 ## - TITLE STATEMENT
Title Windows 2000 active directory
260 ## - PUBLICATION, DISTRIBUTION, ETC.
Name of publisher, distributor, etc. Oreilly/Shroff Publishers and Distributors
Place of publication, distribution, etc. Mumbai
Date of publication, distribution, etc. 2000
300 ## - PHYSICAL DESCRIPTION
Extent 621
650 ## - SUBJECT ADDED ENTRY--TOPICAL TERM
Topical term or geographic name entry element ACTIVE DIRECTORY
9 (RLIN) 7496
650 ## - SUBJECT ADDED ENTRY--TOPICAL TERM
Topical term or geographic name entry element WINDOWS 2000
9 (RLIN) 7497
650 ## - SUBJECT ADDED ENTRY--TOPICAL TERM
Topical term or geographic name entry element WINDOWS ADMINISTRATION
9 (RLIN) 7498
942 ## - ADDED ENTRY ELEMENTS (KOHA)
Source of classification or shelving scheme Dewey Decimal Classification
Koha item type Books
Holdings
Withdrawn status Lost status Source of classification or shelving scheme Damaged status Not for loan Collection code Home library Current library Date acquired Cost, normal purchase price Total Checkouts Full call number Barcode Date last seen Date last checked out Price effective from Koha item type
    Dewey Decimal Classification     Programming Windows Kerala University of Digital Sciences, Innovation and Technology Knowledge Centre Kerala University of Digital Sciences, Innovation and Technology Knowledge Centre 18/03/2013 276.00 1 005.268W LOW/W 110 03/08/2015 03/08/2015 18/03/2013 Archives